Analýza vplyvov externého prostredia a ich dopady na automobilový priemysel v podmienkach SR bakalárska práca

Uložené v:
Podrobná bibliografia
Hlavný autor: Bella, Bohuslav
Korporativný autor: Fakulta podnikového manažmentu EU. Katedra podnikovohospodárska
Ďalší autori: Kubica, Milan, 1958-
Médium: Kniha
Jazyk:Slovak
Vydavateľské údaje: Bratislava 2024
Tagy: Pridať tag
Žiadne tagy, Buďte prvý, kto otaguje tento záznam!

MARC

LEADER 00000nbm a2200000 4500
001 0302041
005 20250205143143.1
041 0 |a slo 
044 |a SK 
245 1 0 |a Analýza vplyvov externého prostredia a ich dopady na automobilový priemysel v podmienkach SR  |b bakalárska práca  |c Bohuslav Bella ; školiteľ: Milan Kubica 
264 1 |a Bratislava  |c 2024 
300 |a 57 s. 
100 1 |a Bella, Bohuslav 
700 1 |a Kubica, Milan, 1958- 
710 2 |a Fakulta podnikového manažmentu EU. Katedra podnikovohospodárska